000 00603nam a2200229Ia 4500
003 OSt
005 20220924115258.0
006 a|||||r|||| 00| 0
007 ta
008 220923b |||||||| |||| 00| 0 urd d
024 _a316084
037 _cTextual
040 _aARTS
_cARTS
_burd
041 _2urd
_aurd
082 _aO168,1NGHx, M2
100 _aNasr Ghazali
_9177535
245 0 _aLahoo ka dard
260 _aDelhi
_bAnjuman Taraqqi Urdu India
_c1982
650 _aURDU POETRY
942 _hO168,1NGHx, M2
_cTEXL
_2CC
999 _c397583
_d397583